000 00781nam a2200241Ia 4500
008 191130s2005##################000#0#eng##
020 _a9780521837514
022 _a2004056142
040 _aACL
_cACL
082 _a418 LEA
100 _aLeaver, Betty Lou
245 _aAchieving success in second language acquisition
_cBetty Lou Leaver, Madeline Ehrman, and Boris Shekhtman
250 _a1st ed
260 _aCambridge
_bCambridge University Press
_c2005
300 _axiv, 265 p. ; 25 cm.
500 _aIncludes bibliographical references (p. 248-257) and index
650 _aSecond language acquisition
700 _aEhrman, Madeline Elizabeth
700 _aShekhtman, Boris
990 _ae9c76941ac10000c0d766a40b90072fb
991 _a376975
999 _c242650
_d242650